300 prénoms masculins les plus populaires au Québec - 2024 - Statistiques

Statistiques générales
  • Ce quiz a été pris 387 fois
  • Le résultat moyen est 100 sur 300
Statistiques - réponses
Réponse % Correct
Lou
83%
Louis
81%
Charles
76%
Antoine
75%
Alex
73%
Léo
71%
Thomas
71%
William
71%
Gabriel
69%
Julian
69%
Julien
69%
Sam
69%
Samuel
69%
Olivier
68%
Paul
68%
Alexis
66%
Luca
66%
Alexandre
64%
Maxime
64%
Nathan
64%
Eli
63%
Laurent
63%
Jules
61%
Léon
61%
Noa
61%
Anthony
59%
Etienne
59%
John
59%
Justin
59%
Théo
59%
Jack
58%
Liam
58%
Raphaël
58%
Xavier
58%
Charlie
56%
Charly
56%
David
56%
Édouard
56%
Jacob
56%
Jeremy
56%
Philippe
56%
Elliot
54%
Mathis
54%
Nico
54%
Benjamin
53%
Damian
53%
Damien
53%
Émile
53%
Lucas
53%
Lukas
53%
Nicolas
53%
Elio
51%
Noah
51%
Tom
51%
Vincent
51%
Arnaud
49%
Clément
49%
Eliot
49%
Félix
49%
George
49%
Henri
49%
Joseph
49%
Loïc
49%
Hugo
47%
Mathias
47%
Simon
47%
Zac
47%
Axel
46%
Elliott
46%
Florent
46%
Isaac
46%
James
46%
Logan
46%
Victor
46%
Zachary
46%
Zack
46%
Adrian
44%
Adrien
44%
Daniel
44%
Mathéo
44%
Michael
44%
Nolan
44%
Adam
42%
Arthur
42%
Christopher
42%
Eliott
42%
Enzo
42%
Jay
42%
Matteo
42%
Ali
41%
Elie
41%
Ethan
41%
Maxence
41%
Noé
41%
Sebastian
41%
August
39%
Bastien
39%
Florian
39%
Jordan
39%
Louka
39%
Ludovic
39%
Maël
39%
Milo
39%
Tristan
39%
Zackary
39%
Albert
37%
Dylan
37%
Evan
37%
Léonard
37%
Luka
37%
Rafael
37%
Romain
37%
Henry
36%
Jake
36%
Milan
36%
Mohamed
36%
Timothée
36%
Edward
34%
Jayden
34%
Malik
34%
Mateo
34%
Augustin
32%
Christian
32%
Grégoire
32%
Harry
32%
Jackson
32%
Jason
32%
Loïk
32%
Rémi
32%
Robin
32%
Roméo
32%
Ryan
32%
Tommy
32%
Éloi
31%
Emmanuel
31%
Georges
31%
Hayden
31%
Joël
31%
Jonathan
31%
Kaleb
31%
Mathys
31%
Oscar
31%
Auguste
29%
Bryan
29%
Caleb
29%
Ian
29%
Kyle
29%
Luke
29%
Mikael
29%
Noam
29%
Oliver
29%
Rayan
29%
Théodore
29%
Elijah
27%
Hubert
27%
Ismaël
27%
Joshua
27%
Kayden
27%
Kylian
27%
Nathanaël
27%
Téo
27%
Alexander
25%
Ayden
25%
Billy
25%
Colin
25%
Derek
25%
Gaël
25%
Gaspard
25%
Jakob
25%
Loan
25%
Lorenzo
25%
Lyam
25%
Marcus
25%
Marius
25%
Nathaniel
25%
Yanis
25%
Aaron
24%
Alfred
24%
Alix
24%
Charles-Olivier
24%
Eden
24%
Elias
24%
Ibrahim
24%
Léandre
24%
Lenny
24%
Léopold
24%
Lionel
24%
Maverick
24%
Roman
24%
Sacha
24%
Sasha
24%
Tyler
24%
Abraham
22%
Ahmed
22%
Alec
22%
Alessio
22%
Andrew
22%
Edgar
22%
Eliam
22%
Jasmin
22%
Joey
22%
Karim
22%
Ludovick
22%
Matias
22%
Matthew
22%
Mehdi
22%
Yassine
22%
Yohan
22%
Youssef
22%
Abel
20%
Aiden
20%
Amir
20%
Cole
20%
Emilio
20%
Hector
20%
Isaiah
20%
Jamie
20%
Jayson
20%
Kai
20%
Leonardo
20%
Lewis
20%
Lohan
20%
Louis-Charles
20%
Malek
20%
Mason
20%
Owen
20%
Renaud
20%
Samy
20%
Tiago
20%
Aylan
19%
Ayoub
19%
Cameron
19%
Charles-Édouard
19%
Edmond
19%
Ezekiel
19%
Gustave
19%
Ilyes
19%
Jasper
19%
Jax
19%
Jaxson
19%
Malcolm
19%
Mavrick
19%
Mayson
19%
Mylan
19%
Naël
19%
Omar
19%
Sami
19%
Youcef
19%
Younes
19%
Anas
17%
Arlo
17%
Cody
17%
Jaxon
17%
Jayce
17%
Jayke
17%
Jude
17%
Laurier
17%
Levi
17%
Louan
17%
Lovic
17%
Malyk
17%
Miles
17%
Nate
17%
Noah-James
17%
Siméon
17%
Thiago
17%
Zayn
17%
Adem
15%
Ayaan
15%
Ayan
15%
Blake
15%
Dante
15%
Elyas
15%
Emmett
15%
Ezra
15%
Ghali
15%
Hamza
15%
Haroun
15%
Hudson
15%
Hunter
15%
Ilyan
15%
Kian
15%
Lambert
15%
Massimo
15%
Salim
15%
Samaël
15%
Santiago
15%
Tyson
15%
Wesley
15%
Yazan
15%
Andy
14%
Idris
14%
Ilyas
14%
Jad
14%
Viktor
14%
Zakaria
14%
Zayd
14%
Austin
12%
Iyad
12%
Joud
12%
Aucun quiz correspondant
Distribution des résultats
% des personnes avec chaque résultat
Percentile par nombre de réponses
Votre historique - résultats
Vous n’avez pas pris ce quiz